Tables for Renewing and Purchasing of the Leases of Cathedral-Churches and Colleges ... The fourth edition corrected. To which is added, The Value of Church and College Leases Consider'd, etc. (Record no. 114366)

MARC details
000 -LEADER
fixed length control field 00862cam a22002055a 4500
001 - CONTROL NUMBER
control field L156698
008 - FIXED-LENGTH DATA ELEMENTS--GENERAL INFORMATION
fixed length control field 120626s1808 xxk f 000 0 eng d
035 ## - SYSTEM CONTROL NUMBER
System control number (Sirsi) u156698
041 0# - LANGUAGE CODE
Language code of text/sound track or separate title eng
100 1# - MAIN ENTRY--PERSONAL NAME
Personal name Newton, Isaac
Titles and words associated with a name Sir
Dates associated with a name 1642-1727
245 00 - TITLE STATEMENT
Title Tables for Renewing and Purchasing of the Leases of Cathedral-Churches and Colleges ... The fourth edition corrected. To which is added, The Value of Church and College Leases Consider'd, etc.
250 ## - EDITION STATEMENT
Edition statement The eighth edition, etc.
260 ## - PUBLICATION, DISTRIBUTION, ETC.
Place of publication, distribution, etc. London
Name of publisher, distributor, etc. J. Nunn & R. Lea
Date of publication, distribution, etc. 1808
300 ## - PHYSICAL DESCRIPTION
Extent iv, 210 p.
Dimensions 12o
520 ## - SUMMARY, ETC.
Summary, etc. Bound with William Inwwod's "Tables for the purchasing of estates" (1811). See L155486 for a separate copy of this publication.
583 ## - ACTION NOTE
Action Condition reviewed
Time/date of action 20120620
Status condition level 2
651 #4 - SUBJECT ADDED ENTRY--GEOGRAPHIC NAME
Geographic name Great Britain
Chronological subdivision 1707-
690 ## - LOCAL SUBJECT ADDED ENTRY--TOPICAL TERM (OCLC, RLIN)
Topical term or geographic name as entry element Landlord and tenant
9 (RLIN) 6252
942 ## - ADDED ENTRY ELEMENTS (KOHA)
Suppress in OPAC 0
Holdings
Withdrawn status Lost status Source of classification or shelving scheme Damaged status Not for loan Home library Current library Shelving location Date acquired Total Checkouts Full call number Barcode Date last seen Copy number Price effective from Koha item type
    Dewey Decimal Classification     Historic collection Historic collection Historic collection 26/06/2012   OCTAVO 1808 NEWTON 30077534 06/08/2019 1 06/08/2019 Book